000 00515nam a2200193Ia 4500
005 20250326123728.0
008 250326s9999 xx 000 0 und d
037 _aTextbook
040 _aFMSL
_beng
_cFMSL
041 _aeng
_2eng
084 _aX:8D M6
_qFMSL
100 _aSchall L D
_9735924
245 0 _aInteroduction to ficial management
_cSchall L D; Haley C W
250 _a4
260 _aNY
_bNY, McGraw-Hill
_c1986
300 _a790p
942 _cTB
_hX:8D M6
999 _c1270696
_d1270696